[Event "2nd IM"]
[Site "Nancy FRA"]
[Date "2004.02.16"]
[Round "1"]
[White "Paci,C"]
[Black "Chau,O"]
[Result "1-0"]
[WhiteElo "2240"]
[BlackElo "2153"]

1.Nf3 d5 2.c4 e6 3.g3 Nf6 4.Bg2 dxc4 5.Qa4+ c6 6.Qxc4 b5 7.Qc2 Bb7 8.O-O Nbd7
9.d4 Rc8 10.a4 a6 11.axb5 cxb5 12.Qd3 Be7 13.Bg5 O-O 14.Nbd2 h6 15.Bxf6 Bxf6
16.Ng5 Bxg5 17.Bxb7 Rb8 18.Bxa6 Qb6 19.Ne4 Bf6 20.e3 Rfd8 21.Rfc1 Be7 22.Qe2 e5
23.d5 Qg6 24.f3 f5 25.Rc6 Qf7 26.Nc3 b4 27.d6 Kh8 28.Bc4 Qg6 29.dxe7 Qxc6
30.exd8=Q+ Rxd8 31.Nd5 e4 32.f4 g5 33.Ra6 Qc5 34.Qh5 Qxc4 35.Rxh6+ Kg8 36.Qg6+  1-0

[Event "Tringov mem Open"]
[Site "Plovdiv BUL"]
[Date "2004.02.17"]
[Round "3"]
[White "Pelitov,D"]
[Black "Pantev,V"]
[Result "1/2-1/2"]
[WhiteElo "2191"]
[BlackElo "2354"]

1.Nf3 d5 2.c4 c6 3.e3 Nf6 4.d4 Bf5 5.Nc3 e6 6.cxd5 exd5 7.Bd3 Bxd3 8.Qxd3 Bd6
9.O-O Qe7 10.Qf5 Nbd7 11.Re1 g6 12.Qc2 Ne4 13.Nxe4 Qxe4 14.Qb3 O-O-O 15.Bd2 f5
16.Rac1 g5 17.Bb4 Bxb4 18.Qxb4 Rhg8 19.Rc3 g4 20.Nd2 Qe8 21.Nb3 Qf8 22.Qa4 Kb8
23.Na5 Nb6 24.Qb3 Rd7 25.a4 Ka8 26.Rc5 h5 27.Qc2 h4 28.b4 g3  1/2-1/2

[Event "5th Montenegro Open"]
[Site "Sozina SCG"]
[Date "2004.02.23"]
[Round "6"]
[White "Kalinin,Al"]
[Black "Vukanovic,S"]
[Result "1-0"]
[WhiteElo "2466"]
[BlackElo "2351"]

1.Nf3 d5 2.c4 dxc4 3.Na3 c5 4.Nxc4 g6 5.b3 Bg7 6.Bb2 Bxb2 7.Nxb2 Nf6 8.g3 b6
9.Bg2 Bb7 10.O-O O-O 11.d4 Na6 12.Na4 cxd4 13.Qxd4 Qxd4 14.Nxd4 Bxg2 15.Kxg2 Rfc8
16.Rfc1 Nd7 17.a3 Nac5 18.Nxc5 Nxc5 19.b4 Nd7 20.f4 Kf8 21.Kf3 a6 22.a4 e5
23.Nc6 exf4 24.gxf4 Rc7 25.b5 Rac8 26.Rd1 Nc5 27.Nb4 Nb3 28.Rab1 Rc3+ 29.e3 axb5
30.axb5 Na5 31.Nd5 Ra3 32.Nxb6 Re8 33.Re1  1-0

[Event "20th Open"]
[Site "Cappelle la Grande FRA"]
[Date "2004.02.28"]
[Round "1"]
[White "Gregoire,S"]
[Black "Tweedie,S"]
[Result "1-0"]
[WhiteElo "2313"]
[BlackElo "2106"]

1.Nf3 d5 2.c4 e6 3.e3 Nf6 4.b3 Be7 5.Bb2 c5 6.d4 Nc6 7.Nbd2 O-O 8.Bd3 b6
9.O-O Bb7 10.Rc1 Rc8 11.Bb1 a6 12.a3 Re8 13.Qc2 cxd4 14.Nxd4 Nxd4 15.exd4 g6
16.Qd3 Bf8 17.Nf3 Bg7 18.Ne5 Nd7 19.f4 f6 20.Nf3 e5 21.dxe5 fxe5 22.Ng5 e4
23.Qh3 Nf8 24.Bxg7 Kxg7 25.cxd5 Rxc1 26.Rxc1 Bxd5 27.Qe3 Qf6 28.Rc7+ Kh8
29.Nxe4 Qa1 30.Qc3+ Qxc3 31.Nxc3 Ne6 32.Rd7 Bxb3 33.Ne4 Nc5 34.Rxh7+ Kxh7
35.Nf6+ Kh6 36.Nxe8 Ne6 37.g3 Nd4 38.Bd3 a5 39.Kf2 Bd5 40.g4 Ne6 41.g5+ Nxg5
42.fxg5+ Kxg5 43.Nd6 Kf6 44.Nc8 Bf7 45.Nxb6 Ke5 46.Ke3  1-0

[Event "FSGM March"]
[Site "Budapest HUN"]
[Date "2004.03.12"]
[Round "7"]
[White "Paschall,W"]
[Black "Drabke,L"]
[Result "1/2-1/2"]
[WhiteElo "2401"]
[BlackElo "2439"]

1.Nf3 d5 2.c4 c6 3.e3 Nf6 4.Nc3 Bg4 5.Qb3 Qb6 6.d4 Bxf3 7.gxf3 e6 8.Bd2 Nbd7
9.cxd5 exd5 10.Na4 Qc7 11.Qc2 Bd6 12.b4 O-O 13.Nc5 Rfe8 14.Bd3 g6 15.h4 Nh5
16.Kf1 Re7 17.f4 Bxc5 18.dxc5 d4 19.Rg1 Ndf6 20.Re1 Rd8 21.Rg2 Qd7 22.e4 Qh3
23.Kg1 Qxh4 24.Qc1 Kh8 25.f3 Qh3 26.Kf2 Qh4+ 27.Kg1 Qh3 28.Kf2 Qh4+ 29.Kg1 Qh3  1/2-1/2

[Event "TCh-SWE 2003-4"]
[Site "Goteborg SWE"]
[Date "2004.03.13"]
[Round "10"]
[White "Eklund,LG"]
[Black "Lobron,E"]
[Result "0-1"]
[WhiteElo "2275"]
[BlackElo "2497"]

1.Nf3 d5 2.c4 e6 3.d4 c5 4.e3 Nf6 5.Nc3 a6 6.dxc5 Bxc5 7.a3 O-O 8.b4 Ba7
9.Bb2 Nc6 10.Be2 d4 11.exd4 Nxd4 12.Ne4 e5 13.Nxf6+ Qxf6 14.c5 Nxe2 15.Qxe2 Bd7
16.O-O-O Ba4 17.Rd6 Qf4+ 18.Qd2 Qc4+ 19.Qc3 Qxc3+ 20.Bxc3 f6 21.Nd2 Rad8
22.Rxd8 Rxd8 23.Ne4 Rd3 24.Kb2 Bb8 25.Re1 Kf7 26.Re2 g5 27.Rd2 Rxd2+ 28.Bxd2 Bc6
29.f3 g4 30.Be3 f5 31.Nd2 Kg6 32.Kc3 Bc7 33.Kd3 Bb5+ 34.Kc2 Kh5 35.Bf2 gxf3
36.gxf3 Be2 37.Bg3 Kg6 38.Kc3 Kf6 39.Bh4+ Ke6 40.Bg5 Kd5 41.Be3 Bd8 42.f4 Bc7
43.Bg1 exf4 44.Nb3 f3 45.Kd2 Bf4+ 46.Ke1 Kc4 47.Nd4 Bc1 48.Nxf5 Bxa3 49.Nd6+ Kd5
50.Nxb7 Bxb4+ 51.Kf2 Kc6  0-1

[Event "Dos Hermanas Internet Final"]
[Site "ICC INT"]
[Date "2004.03.14"]
[Round "3.3"]
[White "Golod,V"]
[Black "Fridman,D2"]
[Result "1/2-1/2"]
[WhiteElo "2544"]
[BlackElo "2592"]

1.Nf3 d5 2.c4 d4 3.g3 Nc6 4.Bg2 e5 5.d3 Nf6 6.O-O Nd7 7.a3 a5 8.e3 Be7 9.exd4 exd4
10.Re1 O-O 11.Nbd2 Nc5 12.Nb3 Ne6 13.Ne5 Nxe5 14.Rxe5 c6 15.Bd2 a4 16.Nc1 Bd7
17.Re1 Qb6 18.Qc2 Rfe8 19.Ne2 Bd6 20.Rab1 Qd8 21.Qc1 Qf6 22.Bb4 Nc5 23.Qd2 Bf5
24.Bxc5 Bxc5 25.h3 Bd6 26.Kh2 h5 27.h4 Qxh4+ 28.Kg1 Qf6 29.Nf4 Qh6 30.Rxe8+ Rxe8
31.Qa5 Bg4 32.Re1 Rxe1+ 33.Qxe1 Bxf4 34.gxf4 Qxf4 35.Qe8+ Kh7 36.c5 Qc1+
37.Kh2 Qf4+ 38.Kg1 Qc1+ 39.Kh2 Qf4+ 40.Kg1  1/2-1/2

[Event "21st Open"]
[Site "Reykjavik ISL"]
[Date "2004.03.14"]
[Round "7"]
[White "Sedlak,N"]
[Black "Bromann,T"]
[Result "1-0"]
[WhiteElo "2539"]
[BlackElo "2371"]

1.Nf3 d5 2.c4 c6 3.e3 Nf6 4.Nc3 a6 5.d4 Bf5 6.Qb3 Ra7 7.cxd5 cxd5 8.Bd2 e6
9.Rc1 Nbd7 10.Be2 Bd6 11.O-O O-O 12.Na4 Ne4 13.Bb4 Qe7 14.Bxd6 Qxd6 15.Nc3 Bg4
16.Qd1 f5 17.Ne1 Bxe2 18.Nxe2 Raa8 19.f3 Nef6 20.Nd3 Nb6 21.b3 Rfc8 22.Qd2 Nfd7
23.Qa5 Kf7 24.Rc5 Qe7 25.Rcc1 Qd6 26.h3 Rxc1 27.Rxc1 g5 28.Rc5 Nc4 29.Qc7 Ke7
30.bxc4 b6 31.Ne5  1-0

[Event "ch-VIE"]
[Site "Dalat City VIE"]
[Date "2004.03.15"]
[Round "5"]
[White "Tran Anh Tri"]
[Black "Tu Hoang Thong"]
[Result "1/2-1/2"]
[WhiteElo "2350"]
[BlackElo "2510"]

1.Nf3 d5 2.c4 e6 3.d4 Nf6 4.Nc3 Nbd7 5.cxd5 exd5 6.Bg5 Bb4 7.Qb3 c5 8.a3 Bxc3+
9.Qxc3 O-O 10.dxc5 Ne4 11.Bxd8 Nxc3 12.Bh4 Ne4 13.e3 Ndxc5 14.Nd4 f6 15.Bg3 Bd7
16.f3 Ng5 17.Bd6 Rfc8 18.Bxc5 Rxc5 19.Kd2 Ne6 20.Bd3 Nxd4 21.exd4 Rc7 22.Rac1 Rac8
23.Rxc7 Rxc7 24.g3  1/2-1/2

[Event "SFch-NED"]
[Site "Leeuwarden NED"]
[Date "2004.03.16"]
[Round "3.3"]
[White "Ernst,S"]
[Black "De Vreugt,D"]
[Result "1/2-1/2"]
[WhiteElo "2474"]
[BlackElo "2451"]

1.Nf3 d5 2.c4 c6 3.e3 Nf6 4.Nc3 a6 5.b3 Bg4 6.h3 Bxf3 7.Qxf3 e6 8.Bb2 Nbd7
9.Qd1 Bd6 10.Be2 O-O 11.Rc1 e5 12.cxd5 cxd5 13.O-O Re8 14.d3 Nf8 15.Bf3 e4
16.dxe4 dxe4 17.Be2 Ng6 18.Rc2 Qe7 19.Nd5 Nxd5 20.Qxd5 Rad8 21.Qh5 Ne5 22.Rd1 Bb8
23.Rcd2 Rxd2 24.Rxd2 g6 25.Qh6 Qf8 26.Qxf8+ Kxf8 27.Rd4 f5 28.Kf1 Kf7 29.Ke1 Ke6
30.a4 Ba7 31.Bc4+ Nxc4 32.Rxc4 Kd7 33.Rc2 Rc8 34.Rd2+ Ke6 35.Kd1 Bb8 36.f3 exf3
37.gxf3 Bd6 38.Rd3 g5 39.Bc1 h5 40.Rd4 Rc3 41.e4 f4 42.Rd5 Rxf3 43.Rxg5 Rxh3
44.Rg6+ Kd7 45.Rg7+ Kc6 46.Rg6 Kd7 47.Rg7+ Ke6 48.Rg6+ Ke5 49.Bb2+ Kxe4 50.Rxd6 Rxb3
51.Bc1 f3 52.Re6+ Kf5 53.Re7 Kg4 54.Ke1 Rb1 55.Rc7 Kg3 56.Rg7+ Kh3 57.Rc7 Kg2
58.Rg7+ Kh3 59.Rc7 Kg2 60.Rg7+  1/2-1/2

[Event "Windesheim Open Weekender"]
[Site "Zwolle NED"]
[Date "2004.03.20"]
[Round "3"]
[White "Ernst,S"]
[Black "Lahaye,R"]
[Result "0-1"]
[WhiteElo "2474"]
[BlackElo "2274"]

1.Nf3 d5 2.c4 e6 3.g3 Nf6 4.Bg2 Be7 5.O-O O-O 6.d4 b6 7.cxd5 exd5 8.Nc3 c6
9.Ne5 Bb7 10.Qa4 Nfd7 11.Rd1 Nxe5 12.dxe5 Nd7 13.b4 Nxe5 14.b5 Bc5 15.Bf4 cxb5
16.Qxb5 Ng4 17.e3 Nf6 18.Bg5 Qd6 19.Rac1 Rac8 20.Qb3 Rfe8 21.Nb5 Qe5 22.Bxf6 Qxf6
23.Nxa7 Rc7 24.Nb5 Rd7 25.Nc3 d4 26.Bxb7 dxe3 27.Ne4 Qf3 28.Nxc5 exf2+ 29.Kf1 Qe2+  0-1

[Event "German Cup Final"]
[Site "Efurt GER"]
[Date "2004.03.21"]
[Round "2"]
[White "Machelett,H"]
[Black "Lindinger,M"]
[Result "1/2-1/2"]
[WhiteElo "2409"]
[BlackElo "2348"]

1.Nf3 d5 2.c4 e6 3.d4 c6 4.e3 Nf6 5.Bd3 c5 6.cxd5 exd5 7.O-O Nc6 8.dxc5 Bxc5
9.a3 O-O 10.b4 Bd6 11.Bb2 Bg4 12.Be2 Rc8 13.Nc3 Re8 14.Nb5 Bb8 15.Rc1 Ne4
16.Nbd4 Qf6 17.Ba1 Qh6 18.g3 Bh3 19.Nxc6 bxc6 20.Ba6 Bxf1 21.Bxc8 Bc4 22.Bg4 Nxf2
23.Kxf2 f5 24.Rxc4 dxc4 25.Bxf5 Qxe3+ 26.Kg2 c3 27.Qb3+ Kh8 28.Qxc3 Qxc3
29.Bxc3 Re3 30.Bd4 Rxa3 31.Ng5 a5 32.Bc5 axb4 33.Nf7+ Kg8 34.Be6 Rc3 35.Nh6+ Kh8  1/2-1/2

[Event "14th Asian Cities"]
[Site "Tagaytay City PHI"]
[Date "2004.03.22"]
[Round "3"]
[White "Faraj,Y"]
[Black "Natarajan,C"]
[Result "1/2-1/2"]
[WhiteElo "2221"]
[BlackElo "2261"]

1.Nf3 d5 2.c4 e6 3.e3 c6 4.b3 Be7 5.Bb2 Bf6 6.d4 Nd7 7.Bd3 Ne7 8.Qc2 Ng6
9.Nbd2 Be7 10.g3 a5 11.h4 Bd6 12.e4 dxc4 13.bxc4 e5 14.h5 Ngf8 15.dxe5 Be7
16.h6 Ne6 17.hxg7 Rg8 18.Rxh7 Nxg7 19.O-O-O Nc5 20.Be2 Bg4 21.Nf1 Qb6 22.Ne3 Bxf3
23.Bxf3 Nge6 24.Bg2 a4 25.Nf5 a3 26.Bc3 Na4 27.Nxe7 Kxe7 28.Ba1 Qb4 29.Qb3 c5
30.Bf1 Rad8 31.Qxb4 Rxd1+ 32.Kxd1 cxb4 33.Kc2 Nac5 34.Bg2 Rd8 35.Rh1 Nd4+
36.Kb1 Ne2 37.Kc2 Nd4+ 38.Kb1 Ne2  1/2-1/2

[Event "TCh-BEL 2003-4"]
[Site "Belgium BEL"]
[Date "2004.03.23"]
[Round "11"]
[White "Willemze,T"]
[Black "Hautot,S"]
[Result "1/2-1/2"]
[WhiteElo "2268"]
[BlackElo "2322"]

1.Nf3 d5 2.c4 c6 3.e3 Nf6 4.b3 Bg4 5.Bb2 Nbd7 6.Be2 e6 7.O-O Bd6 8.Nc3 O-O
9.Rc1 a6 10.d3 Qe7 11.Nd2 Bxe2 12.Nxe2 Rfd8 13.Ng3 Ba3 14.Qc2 Bxb2 15.Qxb2 Rac8
16.d4 c5 17.Qa3 Kf8 18.cxd5 Nxd5 19.Qb2 Nb4 20.Qb1 Kg8 21.Nf3 cxd4 22.Nxd4 Nf6
23.a3 Nbd5 24.Qb2 Ng4 25.Rxc8 Rxc8 26.Rc1 Qd8 27.Ne4 h6 28.Nf3 Ngf6 29.Nxf6+ Nxf6
30.h3 Ne4 31.Nd4 Rc7 32.b4 Nd6 33.Rxc7 Qxc7 34.b5 axb5 35.Nxb5 Qb6 36.Qd4 Qxd4
37.Nxd4 Nc4 38.Nc2 Kf8 39.Kf1 Ke7 40.Ke2 Kd6 41.Kd3 b5 42.Kc3 Kc5 43.Kb3 Nd2+
44.Kb2 Nc4+ 45.Kc3 Nxa3 46.Ne1 Nc4 47.Nd3+ Kc6 48.e4 Kb6 49.g4 e5 50.h4 f6
51.f4 exf4 52.Nxf4 Ne3 53.Nh5 Nxg4 54.Nxg7 Kc5 55.Nf5 Nf2 56.Nxh6 Nxe4+ 57.Kd3 Ng3
58.Ng4 f5 59.Nf6 Kd6 60.h5 Ke6 61.Ne8 Nxh5 62.Nc7+ Ke5 63.Nxb5  1/2-1/2

[Event "14th Asian Cities"]
[Site "Tagaytay City PHI"]
[Date "2004.03.24"]
[Round "5"]
[White "Faraj,Y"]
[Black "Al Sulaiti,G"]
[Result "0-1"]
[WhiteElo "2221"]
[BlackElo "2065"]

1.Nf3 d5 2.c4 e6 3.e3 Nf6 4.d4 c5 5.Nc3 Nc6 6.Bd3 dxc4 7.Bxc4 Be7 8.O-O O-O
9.a3 a6 10.dxc5 Bxc5 11.b4 Be7 12.Qe2 b5 13.Bb3 Bb7 14.Bb2 Rc8 15.e4 Qc7
16.e5 Nd7 17.Rfe1 Rfd8 18.Rac1 Ba8 19.Ne4 Qb8 20.Ng3 a5 21.bxa5 Nxa5 22.Rxc8 Rxc8
23.Bc2 Nc4 24.Bxh7+ Kxh7 25.Qd3+ Kg8 26.Qxd7 Bxf3 27.Qxe7 Nxb2 28.gxf3 Nd3
29.Re4 Nxe5 30.Kg2 Ng6 31.Qg5 Qb6 32.Rg4 Rc2 33.Ne4 Kf8 34.Qh5 Qb8 35.Rxg6  0-1

[Event "14th Asian Cities"]
[Site "Tagaytay City PHI"]
[Date "2004.03.24"]
[Round "6"]
[White "Faraj,Y"]
[Black "Datu,I"]
[Result "0-1"]
[WhiteElo "2221"]
[BlackElo "2443"]

1.Nf3 d5 2.c4 e6 3.e3 Nf6 4.d4 c6 5.Bd3 Nbd7 6.O-O Be7 7.Nc3 O-O 8.e4 dxe4
9.Nxe4 Nxe4 10.Bxe4 Nf6 11.Bc2 c5 12.dxc5 Bxc5 13.Bg5 h6 14.Bh4 b6 15.Qxd8 Rxd8
16.Be4 Rb8 17.Bg3 Bd6 18.Bc2 Bxg3 19.hxg3 Ba6 20.b3 b5 21.cxb5 Bxb5 22.Rfd1 Be2
23.Rxd8+ Rxd8 24.Rc1 g6 25.Bb1 Kg7 26.Re1 Bxf3 27.gxf3 Rd2 28.Rc1 Rb2 29.Kg2 h5
30.Bd3 Rxa2 31.Bb5 Nd5 32.Ba4 g5 33.Kg1 h4 34.gxh4 gxh4 35.Rc4 h3 36.Rh4 h2+
37.Kxh2 Rxf2+ 38.Kg3 Rc2 39.Rd4 Kf6 40.Bb5 Ke5 41.Ra4 Rc7 42.Bd3 Nb6 43.Re4+ Kd5
44.Re1 Kd4 45.Rd1 Kc5 46.Rc1+ Kd6 47.Rxc7 Kxc7 48.Kf4 Kd6 49.Ke3 Kc5 50.Kd2 Kd4
51.Bh7 f5 52.Bg8 e5 53.Bh7 f4 54.Bf5 a5 55.Be4 Nd7 56.Bg6 Nc5 57.Bc2 Ne6
58.Be4 Ng5 59.Bb7 e4 60.fxe4 Nxe4+ 61.Kc2 f3 62.Kb2 f2  0-1

[Event "IV Open"]
[Site "Dos Hermanas ESP"]
[Date "2004.03.27"]
[Round "3"]
[White "Suba,M"]
[Black "Rodriguez Guerrero,E"]
[Result "1/2-1/2"]
[WhiteElo "2522"]
[BlackElo "2391"]

1.Nf3 d5 2.c4 c6 3.e3 Nf6 4.Nc3 e6 5.Be2 Bd6 6.d4 Nbd7 7.O-O O-O 8.b3 Ne4
9.Bb2 f5 10.Bd3 Qf6 11.Ne2 g5 12.Ne1 Qh6 13.g3 Qh3 14.f3 Rf6 15.fxe4 fxe4
16.Rxf6 Nxf6 17.Nf4 gxf4 18.Bf1 Qg4 19.exf4 a5 20.Ng2 Qxd1 21.Rxd1 Kf7 22.Be2 h5
23.h3 b6 24.a4 Bb7 25.Kh2 Rh8 26.Bc1 c5 27.Bb2 cxd4 28.Bxd4 Bc5 29.Ne3 Rd8
30.f5 Bxd4 31.fxe6+ Kxe6 32.Rxd4 Ke5 33.Nc2 Rd7 34.Kg1 Ba6 35.Kf2 dxc4 36.Rxd7 Nxd7
37.Na3 Kd4 38.Nxc4 Bxc4 39.Bxc4 Ne5 40.Be2 Nd3+ 41.Kf1 Nc5 42.Bxh5 Nxb3 43.h4 Ke5
44.Bd1 Nd4 45.Kf2 b5 46.h5 bxa4 47.Bxa4 Kf6 48.Ke3 Nf5+  1/2-1/2

[Event "5th ch-EURw"]
[Site "Dresden GER"]
[Date "2004.03.27"]
[Round "7"]
[White "Radziewicz,I"]
[Black "Horn,E"]
[Result "1-0"]
[WhiteElo "2442"]
[BlackElo "2051"]

1.Nf3 d5 2.c4 c6 3.e3 Nf6 4.Nc3 a6 5.d4 b5 6.b3 Bg4 7.Bd2 e6 8.h3 Bxf3 9.Qxf3 Bd6
10.Bd3 Nbd7 11.O-O O-O 12.Rac1 Rc8 13.Rfd1 dxc4 14.bxc4 e5 15.cxb5 exd4 16.Ne4 Be7
17.Nxf6+ Bxf6 18.bxc6 Ne5 19.Qe4 Nxd3 20.Qxd3 Qb6 21.exd4 Bxd4 22.Qf3 Bc5
23.Be3 Bxe3 24.fxe3 Rfe8 25.Rd7 Qxe3+ 26.Qxe3 Rxe3 27.Ra7 Kf8 28.Rxa6 Re6
29.a4 Ke7 30.a5 Kd6 31.c7+ Kd7 32.Rxe6 fxe6 33.Kf2 Ra8 34.c8=Q+ Rxc8 35.Rxc8 Kxc8
36.Ke3  1-0

[Event "30th ch-BAN"]
[Site "Dhaka BAN"]
[Date "2004.03.30"]
[Round "3"]
[White "Murshed,N"]
[Black "Reefat,S"]
[Result "1/2-1/2"]
[WhiteElo "2436"]
[BlackElo "2459"]

1.Nf3 d5 2.c4 e6 3.d4 c6 4.Qc2 Nf6 5.Bg5 dxc4 6.Qxc4 Be7 7.e3 h6 8.Bh4 b6
9.Be2 Ba6 10.Qc2 Bxe2 11.Qxe2 Nbd7 12.O-O g5 13.Bg3 Ne4 14.Be5 Nef6 15.Nc3 g4
16.Nd2 Nxe5 17.dxe5 Nd7 18.Nc4 b5 19.Nd6+ Kf8 20.Rad1 Qc7 21.Qc2 Nxe5 22.Ncxb5 Qb8
23.Qe4 f6 24.f4 gxf3 25.Nd4 Bxd6 26.Nxe6+ Kf7 27.Nd4 Qe8 28.Nf5 Bc7 29.Rd6 Rd8
30.Rfd1 Qg8 31.Rd7+ Rxd7 32.Rxd7+ Nxd7 33.Qe7+ Kg6 34.Qxd7 Qc4 35.Ne7+ Kf7
36.Nd5+ Kg6 37.Ne7+ Kf7 38.Nd5+ Kg6 39.Ne7+ Kf7  1/2-1/2

[Event "5th ch-EURw"]
[Site "Dresden GER"]
[Date "2004.04.01"]
[Round "11"]
[White "Mammadova,Na"]
[Black "Dragomirescu,An"]
[Result "0-1"]
[WhiteElo "2104"]
[BlackElo "2288"]

1.Nf3 d5 2.c4 c6 3.b3 Bg4 4.g3 Nd7 5.Bg2 Ngf6 6.Bb2 e6 7.O-O Be7 8.d3 O-O
9.Nbd2 a5 10.a3 Re8 11.Qc2 Bf8 12.Rfe1 e5 13.e4 dxe4 14.dxe4 Qb6 15.Bc3 Bc5
16.Nf1 Bxf3 17.Bxf3 Nf8 18.Qb2 Ne6 19.b4 axb4 20.axb4 Bd4 21.c5 Qc7 22.Ne3 Rxa1
23.Qxa1 Ng5 24.Bg2 Bxc3 25.Qxc3 Ngxe4 26.Qc2 Ng5 27.Nc4 e4 28.h4 Nf3+ 29.Bxf3 exf3
30.Rxe8+ Nxe8 31.Qe4 Nf6 32.Qxf3 Nd5 33.Nd6 Qe7 34.b5 g6 35.h5 Kg7 36.Kg2 f5
37.Qb3 Qe2 38.bxc6 bxc6 39.Qb7+ Kh6 40.Nxf5+ Kg5 41.hxg6 hxg6 42.Qxc6 Qe4+
43.Kh2 Qxf5 44.f4+ Kg4 45.Qa4 Qb1 46.f5+ Kf3 47.fxg6 Qb2+ 48.Kh3 Qg2+ 49.Kh4 Qxg3+
50.Kh5 Nf4+ 51.Qxf4+ Kxf4  0-1

[Event "30th ch-BAN"]
[Site "Dhaka BAN"]
[Date "2004.04.02"]
[Round "6"]
[White "Abdul,Mal"]
[Black "Hasan,M"]
[Result "1-0"]
[WhiteElo "2250"]
[BlackElo "2224"]

1.Nf3 d5 2.c4 dxc4 3.Qa4+ Nd7 4.g3 Nf6 5.Bg2 c6 6.Qxc4 Nb6 7.Qc2 Bg4 8.h3 Bxf3
9.Bxf3 e6 10.O-O Nbd5 11.d3 Qb6 12.Nd2 Rd8 13.a3 h5 14.e4 Nc7 15.Nc4 Qd4
16.Rd1 Qd7 17.d4 Be7 18.Qb3 Qc8 19.Be3 Na8 20.Bg5 b5 21.Ne5 Ng8 22.Bxe7 Nxe7
23.Rac1 Qa6 24.Qe3 f6 25.Nd3 Nb6 26.Nf4 Nc4 27.Qe2 h4 28.Nxe6 Rd7 29.Nc5  1-0

[Event "TCh-CZE Extraliga 2003-4"]
[Site "Czech Rep CZE"]
[Date "2004.04.03"]
[Round "10"]
[White "Jurek,J"]
[Black "Netusil,M"]
[Result "1/2-1/2"]
[WhiteElo "2343"]
[BlackElo "2289"]

1.Nf3 d5 2.c4 dxc4 3.e3 Nc6 4.Bxc4 e5 5.Nc3 Bd6 6.d4 exd4 7.exd4 Nf6 8.O-O O-O
9.h3 h6 10.Re1 Re8 11.Be3 a6 12.Qc2 b5 13.Bb3 Na5 14.Rad1 Nxb3 15.Qxb3 b4
16.Na4 Nd5 17.Ne5 Be6 18.Nc5 Bxc5 19.dxc5 f6 20.Nc6 Qd7 21.Nxb4 c6 22.Qa4 Rac8
23.a3 Qf7 24.Nxd5 Bxd5 25.Qxa6 Rb8 26.Bd4 Qg6 27.Qf1 Bf3 28.Rc1 Red8 29.Bc3 Rd5
30.Re3 Rf5 31.Kh2 Bd5 32.Rg3 Rg5 33.Rxg5 hxg5 34.f3 Qf5 35.Re1 Qf4+ 36.Kh1 Kf7
37.Qf2 g4 38.Qh4 Bxf3 39.gxf3 Qxf3+ 40.Kg1 gxh3 41.Qf2 h2+ 42.Qxh2 Rh8 43.Qg2 Qh5
44.Qxc6 Qg5+ 45.Kf1 Qf5+ 46.Kg1 Qg5+ 47.Qg2 Qxc5+ 48.Kf1 Qf5+ 49.Qf2 Qd3+
50.Kg1 Qd5 51.Qg2 Qc5+ 52.Kf1 Qf5+ 53.Qf2 Qd3+ 54.Kg1 Qd5 55.Qg2 Qc5+  1/2-1/2

[Event "10th Schloss Open"]
[Site "Werther GER"]
[Date "2004.04.03"]
[Round "3"]
[White "Malakhatko,V"]
[Black "Drabke,L"]
[Result "1-0"]
[WhiteElo "2543"]
[BlackElo "2439"]

1.Nf3 d5 2.c4 c6 3.e3 Nf6 4.Nc3 Bg4 5.Qb3 Qb6 6.Ne5 Bf5 7.cxd5 Qxb3 8.axb3 Nxd5
9.Bc4 e6 10.e4 Nxc3 11.exf5 Nd5 12.fxe6 fxe6 13.O-O Nd7 14.Nf3 Bb4 15.d4 h6
16.Be3 Rf8 17.Rfc1 Ke7 18.Rc2 a6 19.Rd1 Rae8 20.Bc1 Kd6 21.h3 Rf7 22.Nh2 N7f6
23.Bd3 Ref8 24.Bg6 Re7 25.g3 Ba5 26.Kg2 Rd8 27.Re2 Kc7 28.Nf3 Nd7 29.h4 Kc8
30.h5 Rf8 31.Rh1 Rf6 32.Rh4 Nf8 33.Bd3 Re8 34.Rg4 Re7 35.Be4 Nd7 36.Bb1 Rf8
37.Nh4 Ref7 38.Ng6 Re8 39.Rge4 Nc7 40.Nf4 Nf6 41.Re5 Bb6 42.Bg6 Ref8 43.Bxf7 Rxf7
44.Nxe6 Nxe6 45.Rxe6 Bxd4 46.Re7 Rxe7 47.Rxe7 Nd5 48.Rf7 a5 49.Kf3 c5 50.g4 Nb4
51.Ke4 b6 52.Bf4 Bxb2 53.Rc7+ Kd8 54.Rb7 c4 55.bxc4 a4 56.Rxb6 a3 57.Rxb4  1-0

[Event "30th ch-BAN"]
[Site "Dhaka BAN"]
[Date "2004.04.05"]
[Round "9"]
[White "Alam,MdM"]
[Black "Hasan,M"]
[Result "0-1"]
[WhiteElo "2182"]
[BlackElo "2224"]

1.Nf3 d5 2.c4 c6 3.Nc3 Nf6 4.d4 dxc4 5.e3 b5 6.a4 b4 7.Na2 e6 8.Bxc4 Be7
9.O-O O-O 10.b3 a5 11.Bb2 Ba6 12.Qe2 Qb6 13.Rac1 Nbd7 14.Rc2 Bb7 15.Nc1 Ne4
16.Nd3 Rfd8 17.Rfc1 Rac8 18.Nde5 Ndf6 19.Bd3 c5 20.Nc4 Qa7 21.h3 h6 22.Ncd2 Qa8
23.Nc4 Qa7 24.Ncd2 Nxd2 25.Nxd2 Qa8 26.f3 cxd4 27.Bxd4 Rxc2 28.Rxc2 Nd5 29.Nc4 Nf4
30.exf4 Rxd4 31.Rd2 Qd8 32.Be4 Bc5 33.Kh2 Ba6 34.Qd1 Rxd2 35.Qxd2 Qxd2 36.Nxd2 Be3
37.Nc4 Bxf4+ 38.Kg1 Bc7 39.Bd3 Kf8 40.Kf2 Bb7 41.Ke3 e5 42.Be4 Bc8 43.Bd5 Ke7
44.Kd3 Bf5+ 45.Ke3 Be6 46.Bxe6 Kxe6 47.Ke4 f5+ 48.Kd3 g6 49.Ne3 Bb6 50.Nc4 Bd8
51.Ne3 h5 52.Nc4 Kf6 53.Ke3 Bc7 54.Kd3 Kg5 55.Ke3 h4 56.Ke2 Kf4 57.Kf2 Bd8
58.Kf1 e4 59.fxe4 Kxe4 60.Ke2 Kd4 61.Kd2 Bc7 62.Kc2 g5 63.Kd2 g4 64.Ke2 Kc3
65.Ne3 Kxb3 66.Nxf5 gxh3 67.gxh3 Ka2 68.Nxh4 b3 69.Nf3  0-1

[Event "6th Foxwoods Open"]
[Site "Connecticut USA"]
[Date "2004.04.08"]
[Round "2"]
[White "Kraai,J"]
[Black "Kujovic,M"]
[Result "1/2-1/2"]
[WhiteElo "2446"]
[BlackElo "2377"]

1.Nf3 d5 2.c4 e6 3.cxd5 exd5 4.g3 Bg4 5.Ne5 Be6 6.d4 Nd7 7.Bg2 Nxe5 8.dxe5 Qd7
9.O-O f6 10.exf6 Nxf6 11.Bg5 Be7 12.Nc3 Rd8 13.Qc2 O-O 14.Rad1 c6 15.a3 Bh3
16.e4 Bxg2 17.Kxg2 d4 18.Ne2 c5 19.Nf4 Ng4 20.Bxe7 Qxe7 21.Qe2 Ne5 22.Nd5 Qd6
23.f4 Nc6 24.Rfe1 Rfe8 25.Qc4 Kh8 26.b4 cxb4 27.axb4 a6 28.Qc5 h6 29.Rb1 Qg6
30.f5 Qg4 31.h3 Qg5 32.Nf4 d3 33.Rbd1 Qf6 34.Nxd3 Rd4 35.Nf2 Rxb4 36.Rd6 Qb2
37.Re6 Rd8 38.Kf1 Rb5 39.Qe3 Rb3 40.Qf4 Qd2 41.f6 Qxf4 42.gxf4 gxf6 43.Rxf6 Kg7
44.e5 Rd2 45.Kg2 Nd4 46.Rc1 Rf3 47.Rc7+ Kg8 48.Rc8+ Kg7 49.Rc7+ Kg8  1/2-1/2

[Event "30th ch-BAN"]
[Site "Dhaka BAN"]
[Date "2004.04.08"]
[Round "11"]
[White "Islam,AP"]
[Black "Hossain,Enam"]
[Result "1-0"]
[WhiteElo "2149"]
[BlackElo "2446"]

1.Nf3 d5 2.c4 c6 3.b3 Bf5 4.Bb2 e6 5.g3 h6 6.Bg2 Nd7 7.Na3 Ngf6 8.Nc2 Be7
9.O-O O-O 10.d3 Bh7 11.Qd2 Re8 12.Rac1 a5 13.cxd5 exd5 14.Ne3 Qb6 15.Bd4 c5
16.Ba1 a4 17.Ne5 d4 18.N3c4 Qc7 19.Nxd7 Nxd7 20.b4 Rad8 21.Na5 b6 22.Nc6 Qd6
23.Nxd8 Bxd8 24.bxc5 Nxc5 25.Rc2 Bg5 26.Qb4 Bf6 27.Rb1 Bf5 28.Bb2 g6 29.Ba3 Kg7
30.Qb5 Bd7 31.Qxb6 Qxb6 32.Rxb6 Nxd3 33.Bc6 Bxc6 34.Rcxc6 Rxe2 35.Rxf6 Rxa2
36.Be7 Re2 37.Bd8 a3 38.Ra6 a2 39.Kg2 Re8 40.Rfd6 Nb4 41.Ra4 Rxd8 42.Rxd8 d3
43.Rd6 Kf8 44.Ra7 g5 45.f4 gxf4 46.gxf4 Kg7 47.f5 h5 48.h4 Kg8 49.Kf3 Kg7
50.Kf4  1-0

[Event "30th ch-BAN"]
[Site "Dhaka BAN"]
[Date "2004.04.09"]
[Round "12"]
[White "Abdul,Mal"]
[Black "Abdulla,AlR"]
[Result "1/2-1/2"]
[WhiteElo "2250"]
[BlackElo "2417"]

1.Nf3 d5 2.c4 c6 3.e3 Nf6 4.Nc3 g6 5.d4 Bg7 6.Bd3 O-O 7.cxd5 cxd5 8.O-O Nc6
9.b3 Bg4 10.Bb2 Re8 11.Rc1 a6 12.Be2 Ne4 13.Nxe4 dxe4 14.Ne5 Nxe5 15.dxe5 Bxe2
16.Qxe2 Qa5 17.Bc3 Qb5 18.Qg4 Bxe5 19.Qxe4 Bxc3  1/2-1/2

[Event "Open ch-NOR"]
[Site "Oslo NOR"]
[Date "2004.04.11"]
[Round "9"]
[White "Wohl,A"]
[Black "Hole,O"]
[Result "0-1"]
[WhiteElo "2399"]
[BlackElo "2300"]

1.Nf3 d5 2.c4 c6 3.b3 Bf5 4.g3 Nf6 5.Bg2 h6 6.O-O e6 7.Bb2 Be7 8.d3 O-O 9.Na3 Nbd7
10.Nc2 Re8 11.a3 a5 12.Bc3 Bf8 13.b4 axb4 14.axb4 Rxa1 15.Bxa1 e5 16.cxd5 cxd5
17.Ne3 Bh7 18.Qb3 d4 19.Nc4 b5 20.Na5 Qc7 21.Bb2 Qd6 22.Ba3 Rc8 23.Nb7 Qb8
24.Nc5 Nxc5 25.bxc5 Bxc5 26.Bxc5 Rxc5 27.Ra1 Bf5 28.h3 Be6 29.Qb4 Rc8 30.Ra5 Bd7
31.Kh2 Qc7 32.Ra6 Qc5 33.Qxc5 Rxc5 34.Rb6 Kf8 35.g4 Ke7 36.Kg3 Ne8 37.e3 dxe3
38.fxe3 Kd8 39.d4 exd4 40.Nxd4 Kc7 41.Rb7+ Kc8 42.Ra7 Nc7 43.Be4 g6 44.Kf2 h5
45.gxh5 Rxh5 46.Bf3 Rxh3 47.Nb3 Rh2+ 48.Kg3 Rc2 49.Na5 b4 50.Nb7 Kb8 51.Ra1 Bc6
52.Nd6 Bxf3 53.Kxf3 Rc6 54.Ne4 Kb7  0-1

[Event "ACP Blitz Prelim1"]
[Site "playchess.com INT"]
[Date "2004.04.12"]
[Round "3"]
[White "Komarov,D"]
[Black "Volkov,S1"]
[Result "0-1"]
[WhiteElo "2565"]
[BlackElo "2629"]

1.Nf3 d5 2.c4 c6 3.b3 Bg4 4.Bb2 Bxf3 5.exf3 Nf6 6.Be2 d4 7.f4 d3 8.Bf3 Na6
9.O-O Nb4 10.Nc3 e6 11.Ne4 Be7 12.a3 Nc2 13.Ra2 O-O 14.Bxf6 Bxf6 15.Nc5 Be7
16.Nxd3 Qxd3 17.Qxc2 Qxc2 18.Rxc2 Bxa3 19.d3 Rfd8 20.Rd1 Rd4 21.g3 Rad8 22.Be2 a5
23.h4 g6 24.Kg2 Kg7 25.Rh1 h5 26.Ra2 Bb4 27.Rd1 Kf6 28.Kf3 Ke7 29.Kg2 Kd6
30.Bf1 Kc5 31.Re2 Bc3 32.Rc2 Kb4 33.Rdc1 Rxd3 34.Bxd3 Rxd3 35.Rb1 Bd4 36.Ra2 b5
37.cxb5 cxb5 38.Kf1 Bb6 39.Rab2 Bc7 40.Ke2 Rc3 41.Rd2 Bb6 42.Rdb2 Bc5 43.Ra2 Be7
44.Rab2 Bf6 45.Ra2 Bd4 46.Rd2 Bc5 47.Ra2 f6 48.Rab2 e5 49.fxe5 fxe5 50.Ra2 Bd4
51.Rab2 Ka3 52.b4 a4 53.Rd2 Rb3 54.Rxb3+ Kxb3 55.Rd3+ Kxb4 56.f4 a3 57.fxe5 Bxe5
58.Rd2 Bc3 59.Rc2 Kb3 60.Kd3 b4  0-1

[Event "ACP Blitz Prelim2"]
[Site "playchess.com INT"]
[Date "2004.04.13"]
[Round "1"]
[White "Ghaem Maghami,E"]
[Black "Kobalia,M"]
[Result "1/2-1/2"]
[WhiteElo "2558"]
[BlackElo "2630"]

1.Nf3 d5 2.c4 c6 3.d4 Nf6 4.e3 a6 5.Bd3 Bg4 6.Nbd2 e6 7.O-O Nbd7 8.b3 Bh5
9.Bb2 Be7 10.Qc2 Bg6 11.e4 dxe4 12.Nxe4 Nxe4 13.Bxe4 O-O 14.Rad1 Qc7 15.Rfe1 Rfe8  1/2-1/2